00386nam a2200145Ia 4500008004100000020001500041040001800056041000800074100001600082245003500098260004300133300001800176650002400194650002200218130821s1966 fr gr fre  a2264003383 aCo-BoUCMbspa afre aVian, Boris aTextes et chansonscBoris Vian aParís (Francia)bRene Julliardc1966 a191 páginas04aLiteratura francesa04aPoesía francesa